| LEADER | 01040cam a2200301 4500 | ||
|---|---|---|---|
| 001 | u30839 | ||
| 003 | SIRSI | ||
| 008 | 830426s1980 my mt 0 eng | ||
| 015 | |a X830000349 | ||
| 035 | |a AAD-3275 | ||
| 040 | |a UMM | ||
| 050 | 1 | |a QK866.H5 | |
| 090 | 0 | 0 | |a QK866 |b H5Tat |
| 091 | 0 | 0 | |a Microfiche 8435 |
| 100 | 1 | 0 | |a Tata, Sam Jamshedji |
| 245 | 1 | 0 | |a Studies on the lysozyme and components of microhelices of Hevea brasiliensis latex / |c by Sam Jamshedji Tata |
| 260 | |c 1980. | ||
| 300 | |a ix, 177 leaves : |b ill. ; |c 28cm | ||
| 500 | |a Typescript | ||
| 500 | |a Also available on microfiche. Kuala Lumpur : Perpustakaan Universiti Malaya, 1980. 4 microfiches : negative ; 11x15cm | ||
| 502 | |a Thesis (Ph.D.) - Fakulti Sains, Universiti Malaya, 1980 | ||
| 504 | 0 | 0 | |a Bibliography: leaves 160-177 |
| 650 | 0 | |a Hevea |x Analysis | |
| 650 | 0 | |a Latex |x Analysis | |
| 650 | 0 | |a Proteins |x Analysis | |
| 948 | |a 16/03/1991 |b 17/07/1995 | ||
| 596 | |a 1 | ||
| 999 | |a QK866 H5TAT |w LC |c 1 |i A003116863 |d 19/7/1997 |l STACKS |m P01UTAMA |n 3 |r Y |s Y |t TESIS |u 13/1/1992 | ||
